000 00444nam a2200157 i 4500
001 103770
003 ES-MaACL
005 20230906183436.0
007 t|
008 051117s1968 sp ||||1| spa d
100 1 _aMesa, Roberto.
_980634
245 1 0 _aVietnam, conflicto ideológico /
_cRoberto Mesa.
260 _aMadrid :
_bCiencia Nueva,
_c1968.
300 _a189 p., 1 h. con 10 lám. ;
_c22 cm.
852 _aES-MaACL
_jC-34606
_bR.66691
999 _c103770
_d103770